<?xml version="1.0" encoding="UTF-8"?>
<record
    xmlns:xsi="http://www.w3.org/2001/XMLSchema-instance"
    xsi:schemaLocation="http://www.loc.gov/MARC21/slim http://www.loc.gov/standards/marcxml/schema/MARC21slim.xsd"
    xmlns="http://www.loc.gov/MARC21/slim">

  <leader>00768nam a22001817a 4500</leader>
  <datafield tag="999" ind1=" " ind2=" ">
    <subfield code="c">63607</subfield>
    <subfield code="d">63607</subfield>
  </datafield>
  <controlfield tag="003">Ge_BSU</controlfield>
  <controlfield tag="005">20251113212535.0</controlfield>
  <controlfield tag="008">251113s1972    ge ||||| |||| 00| 0 geo d</controlfield>
  <datafield tag="041" ind1=" " ind2=" ">
    <subfield code="a">geo</subfield>
  </datafield>
  <datafield tag="080" ind1=" " ind2=" ">
    <subfield code="a">908(478) &#x10D3;-72</subfield>
  </datafield>
  <datafield tag="100" ind1=" " ind2=" ">
    <subfield code="a">&#x10D3;&#x10DD;&#x10DA;&#x10D8;&#x10EB;&#x10D4;, &#x10D9;&#x10D0;&#x10E0;&#x10DA;&#x10DD;</subfield>
    <subfield code="9">26228</subfield>
  </datafield>
  <datafield tag="245" ind1=" " ind2=" ">
    <subfield code="a">&#x10E1;&#x10D0;&#x10D1;&#x10ED;&#x10DD;&#x10D7;&#x10D0; &#x10DB;&#x10DD;&#x10DA;&#x10D3;&#x10D0;&#x10D5;&#x10D4;&#x10D7;&#x10D8; /</subfield>
    <subfield code="c">&#x10D9;&#x10D0;&#x10E0;&#x10DA;&#x10DD; &#x10D3;&#x10DD;&#x10DA;&#x10D8;&#x10EB;&#x10D4;.</subfield>
  </datafield>
  <datafield tag="264" ind1=" " ind2=" ">
    <subfield code="a">&#x10D7;&#x10D1;&#x10D8;&#x10DA;&#x10D8;&#x10E1;&#x10D8; :</subfield>
    <subfield code="b"> &#x10E1;&#x10D0;&#x10D1;&#x10ED;. &#x10E1;&#x10D0;&#x10E5;&#x10D0;&#x10E0;&#x10D7;&#x10D5;&#x10D4;&#x10DA;&#x10DD;, </subfield>
    <subfield code="c">1972.</subfield>
  </datafield>
  <datafield tag="300" ind1=" " ind2=" ">
    <subfield code="a">46 &#x10D2;&#x10D5;. ; </subfield>
    <subfield code="b">16 &#x10E1;&#x10DB;.</subfield>
  </datafield>
  <datafield tag="490" ind1=" " ind2=" ">
    <subfield code="a">&#x10D7;&#x10D0;&#x10D5;&#x10D8;&#x10E1;&#x10E3;&#x10E4;&#x10D0;&#x10DA; &#x10D4;&#x10E0;&#x10D7;&#x10D0; &#x10DB;&#x10EB;&#x10DA;&#x10D4; &#x10D9;&#x10D0;&#x10D5;&#x10E8;&#x10D8;&#x10E0;&#x10D8; &#x10EB;&#x10DB;&#x10E3;&#x10E0;&#x10D8;</subfield>
  </datafield>
  <datafield tag="653" ind1=" " ind2=" ">
    <subfield code="a">&#x10D9;&#x10DD;&#x10DB;&#x10E3;&#x10DC;&#x10D8;&#x10E1;&#x10E2;&#x10E3;&#x10E0;&#x10D8; &#x10DB;&#x10E8;&#x10D4;&#x10DC;&#x10D4;&#x10D1;&#x10DA;&#x10DD;&#x10D1;&#x10D0; &#x10DB;&#x10DD;&#x10DA;&#x10D3;&#x10D0;&#x10D5;&#x10D4;&#x10D7;&#x10E8;&#x10D8;.</subfield>
  </datafield>
  <datafield tag="942" ind1=" " ind2=" ">
    <subfield code="2">udc</subfield>
    <subfield code="c">&#x1CAC;&#x1C98;&#x1C92;&#x1C9C;&#x1C98;</subfield>
  </datafield>
  <datafield tag="952" ind1=" " ind2=" ">
    <subfield code="0">0</subfield>
    <subfield code="1">0</subfield>
    <subfield code="2">udc</subfield>
    <subfield code="4">0</subfield>
    <subfield code="6">908478_&#x10D3;72</subfield>
    <subfield code="7">0</subfield>
    <subfield code="9">104752</subfield>
    <subfield code="a">CPL</subfield>
    <subfield code="b">CPL</subfield>
    <subfield code="c">GEN</subfield>
    <subfield code="d">2025-11-13</subfield>
    <subfield code="g">0.40</subfield>
    <subfield code="o">908(478) &#x10D3;-72</subfield>
    <subfield code="p">73079</subfield>
    <subfield code="r">2025-11-13</subfield>
    <subfield code="t">73079</subfield>
    <subfield code="w">2025-11-13</subfield>
    <subfield code="y">&#x1CAC;&#x1C98;&#x1C92;&#x1C9C;&#x1C98;</subfield>
    <subfield code="z">0 40 &#x10D7;.</subfield>
  </datafield>
</record>
